The noble scholar, jurist, historian


 His Excellency Dr. Abdul Wahhab bin Ibrahim Abu Sulaiman, may Allah have mercy on him.


 He was born in Umm Al-Qura in the year 1356 AH.

كتاب الإقناع في القراءات السبع / (Record no. 6306)

MARC details
000 -LEADER
fixed length control field 01659cam a2200337 i 4500
003 - CONTROL NUMBER IDENTIFIER
control field SA-RiAUC
005 - DATE AND TIME OF LATEST TRANSACTION
control field 20250308124501.0
008 - FIXED-LENGTH DATA ELEMENTS--GENERAL INFORMATION
fixed length control field 250308s1983 su g b f00100 ara c
040 ## - CATALOGING SOURCE
Original cataloging agency OM-MuAAL
Language of cataloging ara
Transcribing agency SA-RiAUC
Description conventions rda
082 04 - DEWEY DECIMAL CLASSIFICATION NUMBER
Classification number 228.1
Assigning agency SA-RiAUC
090 ## - LOCALLY ASSIGNED LC-TYPE CALL NUMBER (OCLC); LOCAL CALL NUMBER (RLIN)
Classification number (OCLC) (R) ; Classification number, CALL (RLIN) (NR) 228.1
Local cutter number (OCLC) ; Book number/undivided call number, CALL (RLIN) ا ب ن ب
100 1# - MAIN ENTRY--PERSONAL NAME
Personal name ابن الباذش، أحمد بن علي بن أحمد،
Dates associated with a name 491-540 هجري
Relator term مؤلف.
245 10 - TITLE STATEMENT
Title كتاب الإقناع في القراءات السبع /
Statement of responsibility, etc. تأليف أبي جعفر بن علي بن أحمد بن خلف الأنصاري بن البادش ؛ حققه وقدم له عبد المجيد قطاش.
246 30 - VARYING FORM OF TITLE
Title proper/short title الإقناع في القراءات السبع
250 ## - EDITION STATEMENT
Edition statement الطبعة الأولى.
264 #1 - PRODUCTION, PUBLICATION, DISTRIBUTION, MANUFACTURE, AND COPYRIGHT NOTICE
Place of production, publication, distribution, manufacture مكة المكرمة :
Name of producer, publisher, distributor, manufacturer جامعة أم القرى، كلية الشريعة والدراسات الإسلامية، مركز البحث العلمي وإحياء التراث الإسلامي،
Date of production, publication, distribution, manufacture, or copyright notice [1983]
300 ## - PHYSICAL DESCRIPTION
Extent 2 مجلد (958 صفحة ) ؛
Dimensions 24 سم.
336 ## - CONTENT TYPE
Content type term نص
Content type code txt
Source rdacontent
Materials specified كتاب
337 ## - MEDIA TYPE
Media type term بدون وسيط
Media type code n
Source rdamedia
338 ## - CARRIER TYPE
Carrier type term مجلد
Carrier type code nc
Source rdacarrier
490 0# - SERIES STATEMENT
Series statement من التراث الإسلامي ؛
Volume/sequential designation 23
500 ## - GENERAL NOTE
General note المكتبة يتوافر بها : مجلد 1.
500 ## - GENERAL NOTE
General note كشافات : صفحة 825-955.
504 ## - BIBLIOGRAPHY, ETC. NOTE
Bibliography, etc. note يشتمل على إرجاعات ببليوجرافية.
504 ## - BIBLIOGRAPHY, ETC. NOTE
Bibliography, etc. note ببليوجرافية : صفحة 956-958.
630 27 - SUBJECT ADDED ENTRY--UNIFORM TITLE
Uniform title القرآن
General subdivision القراءات السبع
Source of heading or term aucut
700 1# - ADDED ENTRY--PERSONAL NAME
Personal name قطاش، عبد المجيد
Relator term محقق.
730 22 - ADDED ENTRY--UNIFORM TITLE
Uniform title القرآن
942 ## - ADDED ENTRY ELEMENTS (KOHA)
Source of classification or shelving scheme Dewey Decimal Classification
Koha item type Books
Suppress in OPAC No
949 ## - LOCAL PROCESSING INFORMATION (OCLC)
a SA-JeALM
d 250308
u eid123
n 1
Holdings
Withdrawn status Lost status Source of classification or shelving scheme Materials specified (bound volume or other part) Damaged status Not for loan Home library Current library Date acquired Total checkouts Full call number Barcode Date last seen Price effective from Koha item type
    Dewey Decimal Classification الجزء الاول     DR AbdElwahab Library DR AbdElwahab Library 03/08/2025   228.1 ا ب ن ب 000010608 03/08/2025 03/08/2025 Books
    Dewey Decimal Classification الجزء الثاني     DR AbdElwahab Library DR AbdElwahab Library 03/08/2025   228.1 ا ب ن ب 000010609 03/08/2025 03/08/2025 Books